Sports Quiz

Random Sports Quiz

2012 F1 Drivers Quiz Stats

 Plays Quiz not verified by Sporcle

Challenge
Share
Tweet
Embed
Score 0/25 Timer 05:00
0 Plays Today
Team 2012 Drivers % Correct
RED BULL RACINGSEBASTIAN VETTEL
100%
RED BULL RACINGMARK WEBBER
100%
VODAFONE MCLAREN MERCEDESLEWIS HAMILTON
97.9%
SCUDERIA FERRARIFERNANDO ALONSO
95.8%
VODAFONE MCLAREN MERCEDESJENSON BUTTON
93.8%
SCUDERIA FERRARIFELIPE MASSA
93.8%
MERCEDES AMG PETRONAS F1 TEAMMICHAEL SCHUMACHER
93.8%
MERCEDES AMG PETRONAS F1 TEAMNICO ROSBERG
91.7%
LOTUS F1 TEAMKIMI RAIKKONEN
89.6%
SAHARA FORCE INDIA F1 TEAMNICO HULKENBERG
79.2%
SAHARA FORCE INDIA F1 TEAMPAUL DI RESTA
75%
WILLIAMS F1 TEAMPASTOR MALDONADO
75%
SAUBER F1 TEAMKAMUI KOBAYASHI
72.9%
Team 2012 Drivers % Correct
SCUDERIA TORO ROSSOJEAN ERIC VERGNE
70.8%
CATHERHAM F1 TEAMHEIKKI KOVALAINEN
70.8%
SAUBER F1 TEAMSERGIO PEREZ
68.8%
HRT F1 TEAMPEDRO DE LA ROSA
68.8%
SCUDERIA TORO ROSSODANIEL RICCIARDO
66.7%
WILLIAMS F1 TEAMBRUNO SENNA
66.7%
HRT F1 TEAMNARAIN KARTHIKEYAN
64.6%
MARUSSIA F1 TEAMTIMO GLOCK
64.6%
MARUSSIA F1 TEAMCHARLES PIC
62.5%
CATHERHAM F1 TEAMVITALY PETROV
60.4%
LOTUS F1 TEAMJEROME D'AMBROSIO
60.4%
LOTUS F1 TEAMROMAIN GROSJEAN
47.9%

You're not logged in!

Compare scores with friends on all Sporcle quizzes.
Join for Free
OR
Log In

You Might Also Like...

Show Comments

Extras

Created Oct 6, 2012ReportNominate
Tags:2012, driver, F1 Drivers, team

Top Quizzes Today


Score Distribution

Your Account Isn't Verified!

In order to create a playlist on Sporcle, you need to verify the email address you used during registration. Go to your Sporcle Settings to finish the process.

Report this User

Report this user for behavior that violates our Community Guidelines.

Details: